Job by Head Gear Quiz Stats

 Plays Quiz Updated Dec 22, 2012

Challenge
Share
Tweet
Score 0/20 Timer 04:00
2 Plays Today
Occupation % Correct
Chef
99.6%
Pirate
99%
Firefighter
98.6%
Nurse
98.5%
Police Officer
98.2%
Cowboy
98%
Witch
97.9%
Construction worker
97.8%
Santa Claus
97.7%
Football player
96.4%
Occupation % Correct
Soldier
96.4%
Astronaut
96.1%
Cyclist
93.4%
Miner
92.8%
Mouseketeer
92.2%
Aviator
89%
Baseball Player
88.8%
Goalie
87.4%
Matador
29.4%
Beefeater
27.7%

You're not logged in!

Compare scores with friends on all Sporcle quizzes.
Join for Free
OR
Log In

You Might Also Like...

Show Comments

Extras

Top Quizzes Today


Score Distribution

Your Account Isn't Verified!

In order to create a playlist on Sporcle, you need to verify the email address you used during registration. Go to your Sporcle Settings to finish the process.

Report this User

Report this user for behavior that violates our Community Guidelines.

Details: